Normal view
MARC view
Entry Personal Name
001 - CONTROL NUMBER
- control field: 17511
003 - CONTROL NUMBER IDENTIFIER
- control field: BD-RjUL
005 - DATE AND TIME OF LATEST TRANSACTION
- control field: 20251210122102.0
008 - FIXED-LENGTH DATA ELEMENTS
- fixed length control field: 251210|| aca||aabn | a|a d
040 ## - CATALOGING SOURCE
- Original cataloging agency: BD-RjUL
- Transcribing agency: BD-RjUL
100 ## - HEADING--PERSONAL NAME
- Personal name: Rolfe, John Carew,
- Dates associated with a name: 1859-1943
670 ## - SOURCE DATA FOUND
- Source citation: Work cat.: (BD-RjUL)23645: Suetonius, approximately 69-approximately 122. 72782, Suetonius /, 1913,1914 [reprinted 1950,1951].